000 00417nam a2200181Ia 4500
005 20250603144437.0
008 250603s9999 xx 000 0 und d
020 _a978-1-84480-915-8
050 _aHF 5635 .A23/
245 0 _aAccounting for business MA180
250 _a2nd ed.
260 _aLondon
260 _bSouth Western Cengage
260 _c2007
300 _a515 p
650 _aLondon
942 _cBK
999 _c38936
_d38936